00323nam a2200121Ia 4500008004100000100002800041245005400069260003200123300001000155650001400165942000700179999001500186190216s9999||||xx |||||||||||||| ||und|| aRadhey Mohan Srivastava 0aFinancial Decision Making Text Problems And Cases bSterling Publicationsc1984 a1046p aEconomics cBK c9622d9622